Commented Cities Quiz - Statistics

General Stats
  • This quiz has been taken 21 times
    7 since last reset
  • The average score is 19 of 120
Answers on the Map
Answers color-coded by a green-red scale on the quiz's map according to % correct below.
 
Answer Stats
Commenter City Country % Correct
Neodymium Alice Springs
67%
jack541 Edinburgh
67%
Neodymium Mombasa
67%
KiloNova Nassau
67%
Levisek27 Trondheim
67%
Neodymium Zanzibar
67%
Jeremy2011 Bangkok
50%
Insaniot Batman
50%
hi111223 Cleveland
50%
Noivern Durres
50%
Polen Gdynia
50%
Neodymium Kano
50%
Jeremy2011 Manama
50%
Neodymium Nome
50%
Neodymium Noumea
50%
Neodymium Sapporo
50%
Neodymium Whitehorse
50%
Xtrordinary Balagushevo
33%
Neodymium Bandar Seri Begawan
33%
DawnX Dalian
33%
SonyVondern Debrecen
33%
GreekMythManiac Florence
33%
KiloNova Incheon
33%
Levisek27 Jastrzebie-Zdroj
33%
Neodymium Jayapura
33%
Pandryf Longyearbyen
33%
Noivern Vlore
33%
DawnX 10th of Ramadan City
17%
Neodymium Arica
17%
Neodymium Aswan
17%
Neodymium Bukhara
17%
TheBestVincent Cotonou
17%
Neodymium Denpasar
17%
Fodo Dobrzyń
17%
SonyVondern Elbasan
17%
SonyVondern Gjirokaster
17%
KiloNova Hastings
17%
Levisek27 Haugesund
17%
DawnX Hibiscus Coast
17%
Levisek27 Karvina
17%
Noivern Lancelin
17%
Neodymium Los Alamos
17%
Neodymium Magadan
17%
Neodymium Makassar
17%
TomatosRaafatos Marsa Matruh
17%
Neodymium Norilsk
17%
Levisek27 Orebic
17%
Levisek27 Ostrava
17%
Neodymium Port Harcourt
17%
DawnX Qhobosheaneng
17%
KiloNova Qingdao
17%
Levisek27 Rybnik
17%
Neodymium Samarkand
17%
SonyVondern Shkoder
17%
Neodymium Solwezi
17%
KiloNova St Augustine
17%
Levisek27 Swinoujscie
17%
McKenzieFam Tauranga
17%
Levisek27 Trelleborg
17%
Neodymium Truth or Consequences
17%
DawnX vulcanesti
17%
Neodymium Yazd
17%
Levisek27 Ystad
17%
Neodymium Zambezi
17%
Neodymium Agadir
0%
DawnX Aladinici
0%
DawnX Al Khuaratu
0%
Neodymium Asbest
0%
DawnX Avenue B and C
0%
KiloNova Bitter End
0%
Neodymium Bokaro Steel City
0%
DawnX Bordj Badji Mokhtar
0%
Levisek27 Chełm
0%
DawnX Christkindl
0%
DawnX Crystal Downs Country Club
0%
Neodymium Dawson City
0%
KiloNova Ding Dong
0%
DawnX Drakenburg
0%
cathlete Fatima
0%
DawnX F'Derick
0%
KiloNova Haiphong
0%
Neodymium Hargeysa
0%
Neodymium Imphal
0%
Neodymium Jaffna
0%
Neodymium Jaisalmer
0%
Neodymium Jhansi
0%
Neodymium Kashgar
0%
Neodymium Khammam
0%
Neodymium Kourou
0%
SonyVondern Kukes
0%
DawnX Madolenihmw
0%
Neodymium Mawsynram
0%
Neodymium Mbera Refugee Camp
0%
DawnX Mixliqovaq
0%
Neodymium Monowi
0%
Neodymium Mysore
0%
DawnX Nof HaGalil
0%
Neodymium Oak Ridge
0%
SonyVondern Peshkopi
0%
DawnX Pigg's Peak
0%
Neodymium Pokhran
0%
DawnX Port Louisa Township
0%
DawnX Prinzapolka
0%
DawnX Qacha's Nek
0%
DawnX Quinhamel
0%
Neodymium Sasmuan
0%
KiloNova Silverdale
0%
Neodymium Skagway
0%
Dimby Spuzzum
0%
Neodymium Srinagar
0%
DawnX Stadtkyll
0%
Neodymium Supai
0%
DawnX Thermopolis
0%
DawnX Ura
0%
Ravisseur Ushuaia
0%
DawnX Viente de Setiembre
0%
KiloNova Waco
0%
DawnX Western Paradise-West Lake-8 Miles
0%
DawnX Xaverov
0%
DawnX Xghajra
0%
No matching quizzes found
Score Distribution
Percent of People with Each Score
Percentile by Number Answered
Your Score History
You have not taken this quiz since the last reset